000 00189nam a2200085Ia 4500
100 _aWilcock/D.F & Booser/E.R
942 _cBK
245 _aBearing Design & Application
260 _bMcGraw Hill
999 _c26258
_d26258